Our Great War Heroes: (Record no. 212330)
[ view plain ]
| 000 -LEADER | |
|---|---|
| fixed length control field | 00855nam a22002417a 4500 |
| 005 - DATE AND TIME OF LATEST TRANSACTION | |
| control field | 20250710163708.0 |
| 010 ## - LCCN (DPL NO) | |
| LC control number | ENG-145919-920 |
| 020 ## - INTERNATIONAL STANDARD BOOK NUMBER | |
| International Standard Book Number | 9789390439706(vol1) |
| Terms of availability | 1095.00 |
| 020 ## - INTERNATIONAL STANDARD BOOK NUMBER | |
| International Standard Book Number | 9789390439737(vol 2) |
| Terms of availability | 950.00 |
| 035 ## - SYSTEM CONTROL NUMBER | |
| System control number | EN-129451-452 |
| 037 ## - SOURCE OF ACQUISITION | |
| Source of stock number/acquisition | DBAD |
| 082 ## - DEWEY DECIMAL CLASSIFICATION NUMBER | |
| Classification number | S |
| Edition number | 1 |
| 100 ## - MAIN ENTRY--PERSONAL NAME | |
| Personal name | Shyam Kumari |
| 245 ## - TITLE STATEMENT | |
| Title | Our Great War Heroes: |
| Remainder of title | Seven Param Vir Chakra Recipients/ |
| Statement of responsibility, etc | Shyam Kumari |
| 250 ## - EDITION STATEMENT | |
| Edition statement | 1 |
| 260 ## - PUBLICATION, DISTRIBUTION, ETC. (IMPRINT) | |
| Place of publication, distribution, etc | New Delhi |
| Name of publisher, distributor, etc | Vij Books India Pvt Ltd |
| Date of publication, distribution, etc | 2021 |
| 270 ## - ADDRESS | |
| Address | 2/19,Ansari Road Delhi-110002 |
| City | New Delhi |
| Postal code | 110002 |
| Telephone number | 91-11-43596460 |
| Electronic mail address | contact@vijpublishing.com |
| 300 ## - PHYSICAL DESCRIPTION | |
| Extent | xxxi, 223p. |
| Dimensions | 23cm. (Hb) |
| 300 ## - PHYSICAL DESCRIPTION | |
| Extent | xxii 166p. |
| Dimensions | 23cm. (Hb) |
| 490 ## - SERIES STATEMENT | |
| Volume number/sequential designation | 1,2 |
| 500 ## - GENERAL NOTE | |
| General note | Vol 1 True Stories of Seven Flaming Warriors of Indian Army<br/>Vol 1 True Stories of Six Flaming Warriors of Indian Army |
| 942 ## - ADDED ENTRY ELEMENTS (KOHA) | |
| Source of classification or shelving scheme | Dewey Decimal Classification |
| Item type | English Books |
| Classification part | S |
| Call number suffix | SHY |
| Withdrawn status | Lost status | Materials specified (bound volume or other part) | Not for loan | Collection code | Home library | Current library | Date acquired | Source of acquisition | Cost, normal purchase price | Full call number | Barcode | Copy number | Cost, replacement price | Koha item type |
|---|---|---|---|---|---|---|---|---|---|---|---|---|---|---|
| VOL-1 | Non-fiction | Ashok Vihar | Ashok Vihar | 10/07/2025 | Delivery of Books Act Division | 1095.00 | S SHY | EN-129451 | 1 | 1095.00 | English Books | |||
| VOL-2 | Non-fiction | Ashok Vihar | Ashok Vihar | 10/07/2025 | Delivery of Books Act Division | 995.00 | S SHY | EN-129452 | 1 | 995.00 | English Books |
